000 00429nam a2200169Ia 4500
003 GCL
008 140319s9999 xx 000 0 eng d
040 _aGCL /
_cGCL
082 0 4 _aCC
_b932
_bM M
100 1 _aMILLARD, ANNE
245 1 0 _aMY STERIES OF THE PYRAMIDS /
_cMILLARD, ANNE
260 _a[S.N] :
_bALADDIN WATTS ،
_c1940
650 0 4 _aPYRAMIDS
650 0 4 _aMONUMENTS
650 0 4 _aEGYPT - HISTORY
942 _2ddc
_cBK
999 _c10409
_d10409